000 00744nam a22002297a 4500
003 UA-OsUOA
001 126830
007 ta
008 20171109b un ||||| |||| 00| 0 ukr d
100 _aКобилянська О. Ю.
090 _a821.161.2
_bК55
942 _cBK
040 _aUA-OsUOA
_bukr
_cUA-OsUOA
_dUA-OsUOA
245 _aСлова зворушеного серця
_bщоденники; автобіографії; листи; статті та спогади
_cупор. Ф. П. Погребенник
300 _a359 с.
955 _a3
041 _aukr
080 _a821.161.2
260 _aК.
_bДніпро
_c1982
650 7 _a82 Література. Літературознавство
_2UDC
999 _c413970
_d413970